000 00792nam a2200265 a 4500
001 36408
003 BD-RjUL
005 20211209052501.0
008 140622s1983 maua b 001 0 eng d
020 _a0316526649
035 _a(BD-RjUL)36505
040 _aDLC
_cDLC
_dDLC
_dBD-RjUL
_beng
041 _aeng
082 0 0 _a320.973
_219
_bLIG 1983
100 1 _aLineberry, Robert L.
_9110793
245 1 0 _aGovernment in America :
_bpeople, politics, and policy /
_cRobert L. Lineberry.
250 _a2nd ed.
260 _aBoston :
_bLittle, Brown,
_cc1983.
300 _axix, 683 p. :
_bill. ;
_c26 cm.
504 _aIncludes bibliographies and index.
651 0 _aUnited States
_xPolitics and government.
_9110794
942 _2ddc
_cBK
999 _c36408
_d36408